Democracy (Record no. 11397)
[ view plain ]
| 000 -LEADER | |
|---|---|
| fixed length control field | 00530 a2200193 4500 |
| 000 - LEADER | |
| fixed length control field | BKB |
| 001 - CONTROL NUMBER | |
| control field | 138622 |
| 005 - DATE AND TIME OF LATEST TRANSACTION | |
| control field | 20200902153516.0 |
| 008 - FIXED-LENGTH DATA ELEMENTS--GENERAL INFORMATION | |
| fixed length control field | |
| 020 ## - INTERNATIONAL STANDARD BOOK NUMBER | |
| International Standard Book Number | 9780333948750 |
| 082 ## - DEWEY DECIMAL CLASSIFICATION NUMBER | |
| Classification number | 321.8 |
| Item number | W37D |
| 100 1# - MAIN ENTRY--PERSONAL NAME | |
| Personal name | Albert, Weale |
| 245 1# - TITLE STATEMENT | |
| Title | Democracy |
| Statement of responsibility, etc | by Weale Albert |
| 250 ## - EDITION STATEMENT | |
| Edition statement | 2nd ed. |
| 260 ## - PUBLICATION, DISTRIBUTION, ETC. (IMPRINT) | |
| Place of publication, distribution, etc | New York |
| Name of publisher, distributor, etc | Palgrave Macmillan |
| Date of publication, distribution, etc | 2007 |
| 300 ## - PHYSICAL DESCRIPTION | |
| Extent | 270p. |
| 630 ## - SUBJECT ADDED ENTRY--UNIFORM TITLE | |
| Uniform title | PPLG |
| 690 ## - LOCAL SUBJECT ADDED ENTRY--TOPICAL TERM (OCLC, RLIN) | |
| Topical term or geographic name as entry element | Political science--Philosophy; Representative government and representation |
| Withdrawn status | Lost status | Damaged status | Not for loan | Home library | Current library | Date acquired | Cost, normal purchase price | Total Checkouts | Full call number | Barcode | Date last seen | Price effective from | Koha item type |
|---|---|---|---|---|---|---|---|---|---|---|---|---|---|
| Central University Of Rajasthan | Central University Of Rajasthan | 12/03/2014 | 0.00 | 321.8 W37D | 13937 | 21/11/2024 | 02/09/2020 | Books |
